00501nam a2200145Ia 4500008004100000020001800041082001500059100004000074245005400114260004200168300001300210942000700223999001900230952010600249191014s9999 xx 000 0 und d a0-7506-2634-8 a537.6bLAN aL.D. Landau, E.M. Lifeshitz 920382 0aElectrodynamics of Continuous Media 2nd ed. Vol.8 aNoida bGopsons Papers Limited c1988 aXiii,460 cBK c530961d530961 00104070aSNSbSNSd2019-10-15eDonationg0.00l0o537.6LANpSNS0002738r2019-10-15w2019-10-15yBK